000 00445nam a22001937a 4500
003 MPLRDC
005 20220104143700.0
008 210129b ||||| |||| 00| 0 eng d
020 _a957-583-903-X
082 _a848.2 AY v.13
100 _a爱亚著
245 _a想念
_c
250 _a初版一刷
260 _a
_b大田出版
_c2000
300 _b
490 _a智慧田;23
650 _a现代别集
942 _cBK
_o848.2 AY v.13
999 _c42302
_d42292